[Event "2nd Asian Nations Team Cup U14 2019"]
[Site "Shenzhen"]
[Date "2019.12.21"]
[Round "3.5"]
[White "Wang, Benchi"]
[Black "Amilal Munkhdalai"]
[Result "1/2-1/2"]
[WhiteElo "1747"]
[BlackElo "2126"]
[Annotator "TA"]
[PlyCount "94"]
[EventDate "2019.12.19"]
[EventType "team-tourn"]
[EventCountry "CHN"]
[SourceTitle "playchess.com"]
[Source "ChessBase"]
[SourceQuality "1"]

{[%evp 9,94,0,10,0,0,0,0,0,-1,-3,0,-6,3,-11,34,38,36,36,41,47,29,34,27,15,20,25,32,28,31,35,47,44,53,37,86,18,22,12,18,18,31,22,34,0,0,0,15,0,0,-12,-5,-5,0,0,0,0,0,-6,-3,-8,-22,-8,-7,-8,-2,-2,-4,-4,0,0,0,0,0,0,0,0,0,0,0,0,0,0,0,0,0,0,0]} 1. d4 Nf6 2. Bf4 d5 3. e3 e6 4. Nd2 c5 5. c3 Bd6 6. Bb5+ {D00: 1 d4 d5: Unusual lines} Nc6 7. Bxc6+ (7. Bg3 Bxg3 8. hxg3 Qd6 9. g4 e5 10. dxe5 Qxe5 11. Ngf3 Qe7 12. g5 Ne4 13. Bxc6+ bxc6 {0-1 (31) Naiditsch,A (2705)-Inarkiev,E (2689) Riadh 2017}) 7... bxc6 8. Bxd6 Qxd6 9. Ngf3 Nd7 10. O-O O-O 11. Re1 Ba6 $146 ({Predecessor:} 11... f5 12. Qa4 Rf6 13. Ne5 Rb8 14. Qxc6 Qxc6 15. Nxc6 Rxb2 {1-0 (25) Muratovic,A (2445)-Brkljaca,A (2366) Mionica 2006}) 12. Qa4 Bd3 13. Qa3 Rfb8 14. Nb3 Qc7 15. Nxc5 Nxc5 16. Qxc5 Rxb2 17. Ne5 Rb5 18. Qxc6 Qxc6 19. Nxc6 f6 20. Nb4 Bc4 21. Na6 {[#] And now Nc7 would win.} Rb2 22. Nc5 (22. Nc7 $16 Rab8 23. Nxe6) 22... Kf7 $11 23. a4 Rab8 24. h4 a5 25. Rac1 R8b6 26. e4 dxe4 {The position is equal.} 27. Nxe4 Ke7 28. g4 Ra2 29. Ra1 Rxa1 30. Rxa1 {[%mdl 4096] Endgame KRB-KRN} Rb3 31. Rc1 {aiming for Nd2.} Rb2 32. Nc5 Kd6 33. Re1 Bd5 34. g5 Rc2 35. gxf6 gxf6 36. Re3 f5 37. f3 h5 38. Kf1 f4 39. Re5 {With the idea Ne4+.} Rxc3 40. Ne4+ $1 Bxe4 $1 41. fxe4 {KR-KR} Rc4 42. Rxa5 Rxd4 43. e5+ Kc6 44. Ke2 {[#]} f3+ $1 {[%mdl 576] Discovered Attack} 45. Kxf3 Rxh4 46. Ra6+ Kd5 47. Ra5+ Kc6 {Accuracy: White = 74%, Black = 64%.} 1/2-1/2

[Event "2nd Asian Nations Team Cup U14 2019"]
[Site "Shenzhen"]
[Date "2019.12.21"]
[Round "3.6"]
[White "Tsogtbayar, Batlut"]
[Black "Zhang, Yuanxiao"]
[Result "1-0"]
[WhiteElo "1404"]
[BlackElo "1545"]
[Annotator "NA RC"]
[PlyCount "115"]
[EventDate "2019.12.19"]
[EventType "team-tourn"]
[EventCountry "CHN"]
[SourceTitle "playchess.com"]
[Source "ChessBase"]
[SourceQuality "1"]
[TimeControl "5400+30"]

1. d4 {[%emt 0:00:00]} Nf6 {[%emt 0:00:00]} 2. g3 {[%emt 0:00:00]} g6 {[%emt 0:00:17]} 3. Bg2 {[%emt 0:00:04]} Bg7 {[%emt 0:00:09]} 4. e4 {[%emt 0:01:02]} d6 {[%emt 0:01:10]} 5. Ne2 {[%emt 0:00:20]} O-O {[%emt 0:00:56]} 6. O-O {[%emt 0:00:12]} Nbd7 {[%emt 0:06:31]} 7. h3 {[%emt 0:00:33]} c6 {[%emt 0:03:49]} 8. c3 {[%emt 0:01:50]} Qc7 {[%emt 0:00:40]} 9. Be3 {[%emt 0:01:20]} b5 {[%emt 0:01:53]} 10. Nd2 {[%emt 0:00:46]} Bb7 {[%emt 0:00:47]} 11. Kh2 {[%emt 0:00:33]} c5 {[%emt 0:02:57]} 12. f4 {[%emt 0:02:01]} cxd4 {[%emt 0:07:29]} 13. cxd4 {[%emt 0:05:56]} Rac8 {[%emt 0:00:59]} 14. Rc1 {[%emt 0:03:57]} Qb6 {[%emt 0:01:58]} 15. Qb3 {[%emt 0:01:41]} Rxc1 {[%emt 0:05:05]} 16. Rxc1 {[%emt 0:00:30]} Rc8 {[%emt 0:00:54]} 17. Rxc8+ {[%emt 0:01:15]} Bxc8 {[%emt 0:00:45]} 18. e5 {[%emt 0:02:00]} Ne8 {[%emt 0:08:45]} 19. e6 {[%emt 0:01:31]} fxe6 {[%emt 0:01:55]} 20. Qxe6+ {[%emt 0:00:53]} Kh8 {[%emt 0:00:00]} 21. Qxe7 {[%emt 0:01:49]} Nef6 {[%emt 0:00:00]} 22. Ne4 {[%emt 0:01:03]} Nxe4 {[%emt 0:01:00]} 23. Bxe4 {[%emt 0:01:02]} Qc7 {[%emt 0:03:22]} 24. Qe8+ {[%emt 0:02:32]} Nf8 {[%emt 0:02:02]} 25. Qxb5 {[%emt 0:00:38]} Qe7 {[%emt 0:00:23]} 26. Nc3 {[%emt 0:00:36]} Qe6 {[%emt 0:02:38]} 27. g4 {[%emt 0:01:39]} a6 {[%emt 0:06:55]} 28. Qd3 {[%emt 0:02:26]} Nd7 {[%emt 0:01:40]} 29. f5 {[%emt 0:00:52]} gxf5 {[%emt 0:01:52]} 30. Bxf5 {[%emt 0:00:08]} Qe7 {[%emt 0:00:51]} 31. Nd5 {[%emt 0:00:42]} Qf7 {[%emt 0:02:59]} 32. Qe4 {[%emt 0:00:43]} Bb7 {[%emt 0:06:10]} 33. Be6 {[%emt 0:01:49]} Be5+ {[%emt 0:01:43]} 34. Qxe5+ {[%emt 0:00:41]} Nxe5 {[%emt 0:00:15]} 35. Bxf7 {[%emt 0:00:09]} Nxf7 {[%emt 0:00:05]} 36. Nc3 {[%emt 0:00:18]} Nd8 {[%emt 0:01:09]} 37. d5 {[%emt 0:00:36]} Kg7 {[%emt 0:00:33]} 38. Kg3 {[%emt 0:00:18]} Nf7 {[%emt 0:04:16]} 39. Kf4 {[%emt 0:00:47]} Kg6 {[%emt 0:02:16]} 40. Bd4 {[%emt 0:00:58]} h5 {[%emt 0:02:09]} 41. gxh5+ {[%emt 0:01:20]} Kxh5 {[%emt 0:00:07]} 42. Kf5 {[%emt 0:00:16]} Bc8+ {[%emt 0:00:07]} 43. Kf6 {[%emt 0:00:17]} Nd8 {[%emt 0:00:34]} 44. Ke7 {[%emt 0:00:34]} Nb7 {[%emt 0:00:23]} 45. Ne4 {[%emt 0:00:22]} Bxh3 {[%emt 0:00:10]} 46. Nxd6 {[%emt 0:00:07]} Nxd6 {[%emt 0:03:36]} 47. Kxd6 {[%emt 0:00:10]} Kg6 {[%emt 0:00:03]} 48. Ke7 {[%emt 0:00:14]} Kf5 {[%emt 0:00:56]} 49. d6 {[%emt 0:00:08]} Ke4 {[%emt 0:00:22]} 50. Bc3 {[%emt 0:00:08]} Kd3 {[%emt 0:00:15]} 51. a4 {[%emt 0:00:16]} Kc4 {[%emt 0:00:30]} 52. a5 {[%emt 0:00:08]} Kb3 {[%emt 0:00:35]} 53. d7 {[%emt 0:00:06]} Bf1 {[%emt 0:00:30]} 54. d8=Q {[%emt 0:00:11]} Bb5 {[%emt 0:00:17]} 55. Be5 {[%emt 0:00:21]} Ka4 {[%emt 0:00:42]} 56. Qd4+ {[%emt 0:00:10]} Kb3 {[%emt 0:00:36]} 57. Qc3+ {[%emt 0:00:07]} Ka2 {[%emt 0:00:15]} 58. b4 {[%emt 0:00:10]} 1-0

[Event "2nd Asian Nations Team Cup U14 2019"]
[Site "Shenzhen"]
[Date "2019.12.21"]
[Round "3.9"]
[White "Hou, Yifan b"]
[Black "Jin Yueheng"]
[Result "1/2-1/2"]
[WhiteElo "2124"]
[BlackElo "1924"]
[Annotator "TA"]
[PlyCount "102"]
[EventDate "2019.12.19"]
[EventType "team-tourn"]
[EventCountry "CHN"]
[SourceTitle "playchess.com"]
[Source "ChessBase"]
[SourceQuality "1"]

{[%evp 17,102,10,5,0,0,0,7,0,0,0,8,7,0,0,0,0,0,4,31,47,80,76,90,81,102,79,86,83,86,86,86,82,83,81,84,0,0,0,0,-20,5,22,19,0,0,0,9,0,0,0,0,0,0,0,0,0,0,0,0,0,0,0,0,0,0,0,0,0,0,0,0,0,0,0,0,0,0,0,0,0,0,0,0,0,0,0,0]} 1. d4 Nf6 2. Nf3 e6 3. c4 b6 4. g3 Bb7 5. Bg2 Be7 6. O-O O-O 7. b3 d5 8. cxd5 Nxd5 9. Bb2 Nd7 10. e4 $146 {A14: English Opening: 1...e6 with b3 by White} (10. a3 c5 11. Nbd2 Rc8 12. Re1 cxd4 13. Nxd4 Nc3 14. Bxc3 Bxg2 15. Kxg2 Rxc3 16. Ne4 Rc8 17. a4 Nc5 18. Nxc5 Bxc5 19. Nf3 Qe7 20. Qd3 Rfd8 21. Qa6 h6 {½-½ (21) Nakamura,H (2746)-Nepomniachtchi,I (2763) St Petersburg 2018}) 10... N5f6 11. e5 Nd5 $1 12. Nbd2 c5 13. Nc4 Rc8 14. Rc1 b5 15. Nd6 $36 {[%mdl 2048] Black is under pressure.} Bxd6 $1 16. exd6 {[#] aiming for dxc5.} c4 17. bxc4 bxc4 18. Ne5 $1 Nxe5 19. dxe5 Qa5 {Black wants to play ...c3.} 20. Qd4 Qa4 21. Bc3 Nxc3 22. Rxc3 Bxg2 23. Kxg2 Qxa2 24. d7 Rcd8 25. Rd1 Qa6 26. Kf3 (26. Qe4 $16) 26... f6 $11 {The position is equal.} 27. Qxc4 fxe5+ 28. Ke4 Qxc4+ 29. Rxc4 {[%mdl 4096] Endgame KRR-KRR} Kf7 $1 30. Rc7 Ke7 31. f3 a5 32. Rd3 h5 33. Ra7 g6 34. h3 a4 35. g4 hxg4 36. fxg4 Rf4+ 37. Kxe5 Rb4 38. Ra5 Rb3 39. Rd4 Rxh3 40. Kf4 Rxd7 (40... a3 {with more complications.} 41. Ra7 Rb3 42. Kg5 Kf7 43. Ra5 Rh3) 41. Rxd7+ Kxd7 42. Rxa4 {KR-KR} Kd6 43. Kg5 Kd5 44. Kxg6 e5 45. g5 e4 46. Kf5 Rf3+ 47. Kg4 Rf1 48. g6 e3 {[#] Hoping for ...e2.} 49. Kg5 Rg1+ 50. Rg4 Rxg4+ 51. Kxg4 {g7 would kill now.} Ke6 {Accuracy: White = 62%, Black = 87%.} (51... e2 $5 52. g7 $8 e1=Q 53. g8=Q+ Qe6+ 54. Qxe6+ Kxe6 $11) 1/2-1/2

[Event "2nd Asian Nations Team Cup U14 2019"]
[Site "Shenzhen"]
[Date "2019.12.21"]
[Round "3.10"]
[White "Xiao, Tong"]
[Black "Wei, Jianzhou"]
[Result "1-0"]
[WhiteElo "1925"]
[BlackElo "1755"]
[Annotator "NA RC"]
[PlyCount "125"]
[EventDate "2019.12.19"]
[EventType "team-tourn"]
[EventCountry "CHN"]
[SourceTitle "playchess.com"]
[Source "ChessBase"]
[SourceQuality "1"]
[TimeControl "5400+30"]

1. e4 {[%emt 0:00:00]} c6 {[%emt 0:00:00]} 2. d4 {[%emt 0:00:15]} d5 {[%emt 0:00:00]} 3. Nc3 {[%emt 0:00:28]} dxe4 {[%emt 0:00:10]} 4. Nxe4 {[%emt 0:00:08]} Bf5 {[%emt 0:00:12]} 5. Ng3 {[%emt 0:00:16]} Bg6 {[%emt 0:00:09]} 6. h4 {[%emt 0:00:31]} h6 {[%emt 0:00:11]} 7. N1e2 {[%emt 0:00:28]} Nf6 {[%emt 0:01:50]} 8. Nf4 {[%emt 0:01:47]} Bh7 {[%emt 0:00:42]} 9. Bc4 {[%emt 0:01:21]} e5 {[%emt 0:05:25]} 10. dxe5 {[%emt 0:02:53]} Qa5+ {[%emt 0:02:27]} 11. c3 {[%emt 0:00:26]} Qxe5+ {[%emt 0:00:05]} 12. Be3 {[%emt 0:00:06]} b5 {[%emt 0:03:41]} 13. Be2 {[%emt 0:00:45]} Be7 {[%emt 0:03:45]} 14. Bf3 {[%emt 0:02:41]} O-O {[%emt 0:05:53]} 15. Qd4 {[%emt 0:02:47]} Qc7 {[%emt 0:05:14]} 16. Nfh5 {[%emt 0:00:49]} Nbd7 {[%emt 0:13:42]} 17. Bf4 {[%emt 0:00:46]} Qb7 {[%emt 0:01:03]} 18. O-O {[%emt 0:01:53]} Rfd8 {[%emt 0:04:38]} 19. Qe3 {[%emt 0:01:20]} Nxh5 {[%emt 0:02:36]} 20. Nxh5 {[%emt 0:00:33]} Bc5 {[%emt 0:09:41]} 21. Qc1 {[%emt 0:00:18]} Bf8 {[%emt 0:03:25]} 22. b4 {[%emt 0:02:38]} a5 {[%emt 0:01:35]} 23. Rd1 {[%emt 0:01:17]} Bg6 {[%emt 0:06:24]} 24. a3 {[%emt 0:01:50]} Bxh5 {[%emt 0:06:38]} 25. Bxh5 {[%emt 0:00:08]} Nf6 {[%emt 0:00:06]} 26. Bf3 {[%emt 0:00:16]} Nd5 {[%emt 0:00:57]} 27. Bxd5 {[%emt 0:03:25]} cxd5 {[%emt 0:01:43]} 28. Be5 {[%emt 0:00:26]} f6 {[%emt 0:00:52]} 29. Bd4 {[%emt 0:00:07]} Qc6 {[%emt 0:00:26]} 30. Qf4 {[%emt 0:01:05]} axb4 {[%emt 0:01:46]} 31. axb4 {[%emt 0:00:11]} Ra4 {[%emt 0:01:41]} 32. Re1 {[%emt 0:01:05]} Qd7 {[%emt 0:03:20]} 33. Rad1 {[%emt 0:00:30]} Qf7 {[%emt 0:01:49]} 34. Qf5 {[%emt 0:00:37]} Ra6 {[%emt 0:00:46]} 35. h5 {[%emt 0:00:17]} Qd7 {[%emt 0:02:13]} 36. Qxd7 {[%emt 0:00:41]} Rxd7 {[%emt 0:00:01]} 37. Re8 {[%emt 0:00:07]} Kf7 {[%emt 0:05:13]} 38. Rb8 {[%emt 0:00:05]} Rc6 {[%emt 0:01:07]} 39. Rxb5 {[%emt 0:00:26]} Rc4 {[%emt 0:01:07]} 40. f3 {[%emt 0:00:40]} Bd6 {[%emt 0:01:23]} 41. Kf2 {[%emt 0:00:25]} Bc7 {[%emt 0:01:16]} 42. Rc5 {[%emt 0:01:21]} Bb6 {[%emt 0:02:38]} 43. Rxc4 {[%emt 0:00:05]} dxc4 {[%emt 0:00:06]} 44. Ke2 {[%emt 0:00:29]} Re7+ {[%emt 0:01:32]} 45. Kd2 {[%emt 0:00:09]} Bc7 {[%emt 0:00:54]} 46. Re1 {[%emt 0:00:38]} Bf4+ {[%emt 0:00:38]} 47. Kd1 {[%emt 0:00:07]} Rd7 {[%emt 0:00:38]} 48. Kc2 {[%emt 0:00:21]} Bg3 {[%emt 0:00:41]} 49. Ra1 {[%emt 0:01:28]} Rd5 {[%emt 0:01:24]} 50. Ra5 {[%emt 0:00:16]} Ke6 {[%emt 0:00:17]} 51. Kb2 {[%emt 0:00:55]} Rd7 {[%emt 0:00:57]} 52. Rc5 {[%emt 0:00:33]} Rd5 {[%emt 0:00:21]} 53. Ka3 {[%emt 0:00:40]} Rxc5 {[%emt 0:00:31]} 54. Bxc5 {[%emt 0:00:05]} Be5 {[%emt 0:00:33]} 55. Bd4 {[%emt 0:00:21]} Bxd4 {[%emt 0:00:20]} 56. cxd4 {[%emt 0:00:03]} Kd5 {[%emt 0:00:03]} 57. b5 {[%emt 0:00:13]} Kxd4 {[%emt 0:00:56]} 58. b6 {[%emt 0:00:05]} c3 {[%emt 0:00:03]} 59. b7 {[%emt 0:00:03]} Kd3 {[%emt 0:01:15]} 60. b8=Q {[%emt 0:00:10]} c2 {[%emt 0:00:06]} 61. Kb2 {[%emt 0:00:06]} Kd2 {[%emt 0:00:09]} 62. Qd6+ {[%emt 0:00:05]} Ke2 {[%emt 0:00:23]} 63. Kxc2 {[%emt 0:00:05]} 1-0

[Event "2nd Asian Nations Team Cup U14 2019"]
[Site "Shenzhen"]
[Date "2019.12.21"]
[Round "3.11"]
[White "Meng, Yihan"]
[Black "Chen, Yuan"]
[Result "0-1"]
[WhiteElo "1787"]
[BlackElo "2056"]
[Annotator "NA RC"]
[PlyCount "156"]
[EventDate "2019.12.19"]
[EventType "team-tourn"]
[EventCountry "CHN"]
[SourceTitle "playchess.com"]
[Source "ChessBase"]
[SourceQuality "1"]
[TimeControl "5400+30"]

1. e4 {[%emt 0:00:07]} c5 {[%emt 0:00:00]} 2. Nf3 {[%emt 0:00:00]} e6 {[%emt 0:00:00]} 3. c3 {[%emt 0:00:00]} Nf6 {[%emt 0:00:00]} 4. e5 {[%emt 0:00:00]} Nd5 {[%emt 0:00:00]} 5. d4 {[%emt 0:00:00]} cxd4 {[%emt 0:00:00]} 6. cxd4 {[%emt 0:00:00]} d6 {[%emt 0:00:00]} 7. Bc4 {[%emt 0:00:38]} Nc6 {[%emt 0:00:11]} 8. O-O {[%emt 0:02:57]} Be7 {[%emt 0:00:09]} 9. Qe2 {[%emt 0:02:16]} O-O {[%emt 0:05:12]} 10. Qe4 {[%emt 0:12:52]} Nb6 {[%emt 0:14:24]} 11. Bd3 {[%emt 0:00:00]} g6 {[%emt 0:00:04]} 12. Bh6 {[%emt 0:00:00]} Re8 {[%emt 0:00:31]} 13. Nbd2 {[%emt 0:11:50]} dxe5 {[%emt 0:10:56]} 14. dxe5 {[%emt 0:12:12]} Nd7 {[%emt 0:14:57]} 15. Qf4 {[%emt 0:05:05]} Nb4 {[%emt 0:04:48]} 16. Bc4 {[%emt 0:02:08]} Nd5 {[%emt 0:07:43]} 17. Bxd5 {[%emt 0:00:00]} exd5 {[%emt 0:00:00]} 18. Ng5 {[%emt 0:10:23]} Bxg5 {[%emt 0:00:33]} 19. Bxg5 {[%emt 0:13:57]} Qc7 {[%emt 0:14:50]} 20. Nf3 {[%emt 0:11:13]} f6 {[%emt 0:12:44]} 21. Rac1 {[%emt 0:00:00]} fxe5 {[%emt 0:00:17]} 22. Rxc7 {[%emt 0:00:00]} exf4 {[%emt 0:06:14]} 23. Bh6 {[%emt 0:06:16]} Kf7 {[%emt 0:01:19]} 24. Ng5+ {[%emt 0:00:43]} Ke7 {[%emt 0:04:38]} 25. Re1+ {[%emt 0:00:00]} Kd8 {[%emt 0:00:00]} 26. Nf7+ {[%emt 0:00:00]} Kxc7 {[%emt 0:00:00]} 27. Rxe8 {[%emt 0:00:00]} Nb6 {[%emt 0:01:07]} 28. Re7+ {[%emt 0:01:14]} Kc6 {[%emt 0:00:52]} 29. Bxf4 {[%emt 0:00:00]} Bf5 {[%emt 0:04:16]} 30. g4 {[%emt 0:00:00]} Bb1 {[%emt 0:01:04]} 31. Rc7+ {[%emt 0:00:00]} Kb5 {[%emt 0:00:00]} 32. Nd6+ {[%emt 0:00:00]} Ka6 {[%emt 0:00:00]} 33. Rc1 {[%emt 0:00:13]} Be4 {[%emt 0:03:05]} 34. f3 {[%emt 0:00:00]} Rf8 {[%emt 0:00:00]} 35. Rc3 {[%emt 0:00:00]} Na4 {[%emt 0:00:00]} 36. Ra3 {[%emt 0:00:00]} Bc2 {[%emt 0:04:17]} 37. Be3 {[%emt 0:02:26]} Rxf3 {[%emt 0:00:00]} 38. Kg2 {[%emt 0:00:00]} Rf6 {[%emt 0:00:00]} 39. Ne8 {[%emt 0:00:23]} Rc6 {[%emt 0:00:25]} 40. b3 {[%emt 0:00:00]} b5 {[%emt 0:00:00]} 41. Bd2 {[%emt 0:00:00]} Kb7 42. bxa4 {[%emt 0:02:58]} Re6 {[%emt 0:02:44]} 43. axb5 {[%emt 0:00:00]} Re2+ {[%emt 0:03:27]} 44. Kf1 {[%emt 0:00:00]} Rxd2 {[%emt 0:00:00]} 45. Rc3 {[%emt 0:00:00]} Ba4 {[%emt 0:16:51]} 46. Nd6+ {[%emt 0:00:01]} Kb6 {[%emt 0:00:00]} 47. Nc8+ {[%emt 0:00:02]} Kxb5 {[%emt 0:00:36]} 48. Nxa7+ {[%emt 0:00:02]} Kb4 {[%emt 0:00:00]} 49. Rh3 {[%emt 0:00:25]} d4 {[%emt 0:01:20]} 50. a3+ {[%emt 0:04:02]} Kc4 {[%emt 0:00:00]} 51. Nc8 {[%emt 0:00:29]} Rb2 {[%emt 0:03:46]} 52. Rxh7 {[%emt 0:03:14]} d3 {[%emt 0:01:18]} 53. Rc7+ {[%emt 0:00:54]} Kd4 {[%emt 0:00:22]} 54. Ra7 {[%emt 0:01:08]} Rb1+ {[%emt 0:00:00]} 55. Kf2 {[%emt 0:00:08]} d2 {[%emt 0:00:49]} 56. Rxa4+ {[%emt 0:00:14]} Kc3 {[%emt 0:01:56]} 57. Nd6 {[%emt 0:01:56]} d1=Q {[%emt 0:00:00]} 58. Ne4+ {[%emt 0:00:08]} Kb2 {[%emt 0:00:45]} 59. Rb4+ {[%emt 0:00:34]} Kxa3 {[%emt 0:00:00]} 60. Rxb1 {[%emt 0:00:15]} Qxb1 {[%emt 0:00:00]} 61. Kf3 {[%emt 0:00:17]} Qh1+ {[%emt 0:00:17]} 62. Ke3 {[%emt 0:00:25]} Qxh2 {[%emt 0:00:09]} 63. g5 {[%emt 0:00:16]} Qe5 {[%emt 0:00:00]} 64. Kd3 {[%emt 0:00:20]} Kb4 {[%emt 0:00:31]} 65. Ke3 {[%emt 0:00:14]} Kc4 {[%emt 0:00:05]} 66. Kf3 {[%emt 0:00:19]} Kd4 {[%emt 0:00:08]} 67. Ng3 {[%emt 0:00:23]} Qxg5 {[%emt 0:00:00]} 68. Kf2 {[%emt 0:00:14]} Ke5 {[%emt 0:00:00]} 69. Ne2 {[%emt 0:00:16]} Qh4+ {[%emt 0:00:00]} 70. Kf3 {[%emt 0:00:17]} g5 {[%emt 0:00:00]} 71. Ng3 {[%emt 0:00:12]} g4+ {[%emt 0:00:00]} 72. Kg2 {[%emt 0:00:14]} Qh3+ {[%emt 0:00:00]} 73. Kg1 {[%emt 0:00:21]} Qxg3+ {[%emt 0:00:00]} 74. Kh1 {[%emt 0:00:05]} Qf4 {[%emt 0:00:00]} 75. Kg2 {[%emt 0:00:18]} g3 {[%emt 0:00:00]} 76. Kh3 {[%emt 0:00:09]} Kf5 {[%emt 0:00:00]} 77. Kg2 {[%emt 0:00:06]} Qf2+ {[%emt 0:00:00]} 78. Kh3 {[%emt 0:00:06]} Qh2# {[%emt 0:00:11]} 0-1

[Event "2nd Asian Nations Team Cup U14 2019"]
[Site "Shenzhen"]
[Date "2019.12.21"]
[Round "3.12"]
[White "Wei, Yaqing"]
[Black "Zhao, Yunqing"]
[Result "1-0"]
[WhiteElo "1621"]
[BlackElo "1542"]
[Annotator "NA RC"]
[PlyCount "171"]
[EventDate "2019.12.19"]
[EventType "team-tourn"]
[EventCountry "CHN"]
[SourceTitle "playchess.com"]
[Source "ChessBase"]
[SourceQuality "1"]
[TimeControl "5400+30"]

1. e4 {[%emt 0:00:12]} c5 {[%emt 0:00:10]} 2. Nf3 {[%emt 0:00:00]} d6 {[%emt 0:00:07]} 3. d4 {[%emt 0:00:05]} Nf6 {[%emt 0:00:09]} 4. Nc3 {[%emt 0:00:11]} cxd4 {[%emt 0:00:00]} 5. Nxd4 {[%emt 0:00:21]} a6 {[%emt 0:00:00]} 6. a4 {[%emt 0:00:35]} e5 {[%emt 0:00:00]} 7. Nf3 {[%emt 0:01:05]} Be6 {[%emt 0:00:49]} 8. Ng5 {[%emt 0:01:55]} Nc6 {[%emt 0:02:20]} 9. Nxe6 {[%emt 0:01:56]} fxe6 {[%emt 0:00:00]} 10. Bc4 {[%emt 0:01:17]} Qc8 {[%emt 0:02:25]} 11. Bg5 {[%emt 0:06:43]} Nd4 {[%emt 0:04:03]} 12. Bd3 {[%emt 0:02:42]} Be7 {[%emt 0:00:00]} 13. O-O {[%emt 0:01:33]} O-O {[%emt 0:00:00]} 14. Ne2 {[%emt 0:02:18]} h6 {[%emt 0:10:23]} 15. Bh4 {[%emt 0:08:27]} Qc5 {[%emt 0:00:14]} 16. Nxd4 {[%emt 0:02:18]} Qxd4 {[%emt 0:00:44]} 17. c3 {[%emt 0:09:22]} Qb6 {[%emt 0:08:54]} 18. Qe2 {[%emt 0:10:57]} Qc7 {[%emt 0:11:46]} 19. Bc4 {[%emt 0:00:00]} Qd7 {[%emt 0:00:29]} 20. Rfd1 {[%emt 0:02:58]} Ne8 {[%emt 0:01:01]} 21. Qg4 {[%emt 0:00:00]} Nc7 {[%emt 0:01:37]} 22. Bg3 {[%emt 0:06:38]} Qe8 {[%emt 0:04:54]} 23. Bxe6+ {[%emt 0:00:00]} Nxe6 {[%emt 0:03:24]} 24. Qxe6+ {[%emt 0:00:00]} Qf7 {[%emt 0:04:59]} 25. Qxf7+ {[%emt 0:00:00]} Rxf7 {[%emt 0:04:07]} 26. f3 {[%emt 0:02:16]} g5 {[%emt 0:03:09]} 27. c4 {[%emt 0:00:49]} Rc8 {[%emt 0:00:00]} 28. Rac1 {[%emt 0:04:05]} Bf8 {[%emt 0:00:00]} 29. b3 {[%emt 0:04:59]} Rfc7 {[%emt 0:00:41]} 30. Rd5 {[%emt 0:01:21]} Kf7 {[%emt 0:01:29]} 31. Kf2 {[%emt 0:01:22]} Ke6 {[%emt 0:00:20]} 32. Ke3 {[%emt 0:06:59]} Rc6 {[%emt 0:02:24]} 33. Kd3 {[%emt 0:01:45]} Rb6 {[%emt 0:00:00]} 34. Kc3 {[%emt 0:00:00]} Rbc6 {[%emt 0:02:37]} 35. Bf2 {[%emt 0:03:19]} Rb8 {[%emt 0:01:44]} 36. Kb2 {[%emt 0:01:53]} Rbc8 {[%emt 0:00:00]} 37. Be3 {[%emt 0:00:00]} Be7 {[%emt 0:03:05]} 38. g3 {[%emt 0:01:49]} Rf8 {[%emt 0:00:00]} 39. Rf1 {[%emt 0:04:01]} h5 {[%emt 0:04:24]} 40. f4 {[%emt 0:03:37]} gxf4 {[%emt 0:02:38]} 41. gxf4 {[%emt 0:00:00]} exf4 {[%emt 0:00:51]} 42. Rxf4 {[%emt 0:00:00]} Rxf4 {[%emt 0:00:00]} 43. Bxf4 {[%emt 0:00:54]} Rc5 {[%emt 0:00:36]} 44. Kc3 {[%emt 0:06:43]} Rxd5 {[%emt 0:05:24]} 45. cxd5+ {[%emt 0:01:38]} Kd7 {[%emt 0:00:22]} 46. Kd4 {[%emt 0:00:00]} b5 {[%emt 0:03:44]} 47. axb5 {[%emt 0:00:00]} axb5 {[%emt 0:00:22]} 48. e5 {[%emt 0:00:00]} dxe5+ {[%emt 0:00:03]} 49. Bxe5 {[%emt 0:00:50]} Bb4 {[%emt 0:01:34]} 50. Ke4 {[%emt 0:00:00]} Be1 {[%emt 0:01:08]} 51. Kf5 {[%emt 0:00:38]} h4 {[%emt 0:00:39]} 52. Kg4 {[%emt 0:01:34]} Ke7 {[%emt 0:01:33]} 53. Kg5 {[%emt 0:00:00]} Kd7 {[%emt 0:00:25]} 54. Kf5 {[%emt 0:00:00]} Ke7 {[%emt 0:01:32]} 55. Bf4 {[%emt 0:00:00]} Kd7 {[%emt 0:02:48]} 56. Kg4 {[%emt 0:02:09]} Ke7 {[%emt 0:00:00]} 57. Bg5+ {[%emt 0:00:00]} Kd6 {[%emt 0:00:00]} 58. Bxh4 {[%emt 0:00:00]} Bc3 {[%emt 0:00:00]} 59. Kf5 {[%emt 0:00:00]} Kxd5 {[%emt 0:00:00]} 60. Bf6 {[%emt 0:01:14]} Bd2 {[%emt 0:00:41]} 61. h4 {[%emt 0:00:22]} Kc5 {[%emt 0:00:41]} 62. Be7+ {[%emt 0:00:00]} Kd4 {[%emt 0:01:02]} 63. h5 {[%emt 0:01:12]} b4 {[%emt 0:00:49]} 64. Bg5 {[%emt 0:01:29]} Bxg5 {[%emt 0:01:42]} 65. Kxg5 {[%emt 0:00:00]} Kc3 {[%emt 0:00:05]} 66. h6 {[%emt 0:00:00]} Kxb3 {[%emt 0:00:03]} 67. h7 {[%emt 0:00:00]} Kc2 {[%emt 0:00:10]} 68. h8=Q {[%emt 0:00:00]} b3 {[%emt 0:00:00]} 69. Qc8+ {[%emt 0:00:00]} Kd3 {[%emt 0:00:05]} 70. Qb7 {[%emt 0:00:00]} Kc2 {[%emt 0:00:04]} 71. Qc6+ {[%emt 0:00:08]} Kb2 {[%emt 0:00:04]} 72. Kf4 {[%emt 0:00:00]} Ka3 {[%emt 0:00:06]} 73. Qa6+ {[%emt 0:00:15]} Kb4 {[%emt 0:00:10]} 74. Qa1 {[%emt 0:00:00]} Kc4 {[%emt 0:00:04]} 75. Qb2 {[%emt 0:00:00]} Kb4 {[%emt 0:00:03]} 76. Ke3 {[%emt 0:00:00]} Kc4 {[%emt 0:00:03]} 77. Ke4 {[%emt 0:00:00]} Kc5 {[%emt 0:00:07]} 78. Qxb3 {[%emt 0:00:00]} Kc6 {[%emt 0:00:07]} 79. Qd5+ {[%emt 0:00:00]} Kc7 {[%emt 0:00:00]} 80. Qe6 {[%emt 0:00:00]} Kd8 {[%emt 0:00:05]} 81. Qf7 {[%emt 0:01:18]} Kc8 {[%emt 0:00:19]} 82. Qe7 {[%emt 0:00:06]} Kb8 {[%emt 0:00:09]} 83. Qd7 {[%emt 0:00:11]} Ka8 {[%emt 0:00:08]} 84. Kd5 {[%emt 0:00:06]} Kb8 {[%emt 0:00:04]} 85. Kc6 {[%emt 0:00:08]} Ka8 {[%emt 0:00:08]} 86. Qb7# {[%emt 0:00:06]} 1-0